000 00202nam a2200085Ia 4500
008 170617s9999 xx 000 0 und d
100 _aBansal-Shri nandan
245 0 _aMidwifery
260 _b"LOTUS PUBLISHERS
260 _c JALANDHAR"
999 _c12771
_d12771